| 000 | 01041nam a2200265 a 4500 | ||
|---|---|---|---|
| 001 | BRCA_435 | ||
| 005 | 20190320203017.0 | ||
| 008 | 030117s2003 nmua---##b---s001-0#eng-# | ||
| 020 | _a0826331017 | ||
| 040 |
_aDLC _cDLC _dDLC |
||
| 041 |
_aeng _hspa |
||
| 050 | 4 |
_aNK4320.M5 _b.S76 2003 |
|
| 245 | 1 | 0 |
_aCerámica y cultura _bthe story of Spanish and Mexican mayólica _cedited by Robin Farwell Gavin, Donna Pierce and Alfonso Pleguezuelo ; translations by Kenny Fitzgerald. |
| 260 |
_aAlbuquerque _bUniversity of New Mexico _c2003 |
||
| 300 |
_aXXVI, 356 p. _bil. a color, mapas _c29 cm. |
||
| 500 | _aIncluye índice alfabético | ||
| 500 | _aCatálogo de la exposición realizada en el Museum of International Folk Art (Santa Fe, New Mexico) | ||
| 504 | _aBibliografía: p. 339-350 | ||
| 650 | 1 | 4 |
_aMayólica mexicana _vExposiciones _91485 |
| 650 | 1 | 4 |
_aMayólica española _vExposiciones _91486 |
| 700 | 1 |
_aGavin, Robin Farwell _91487 |
|
| 700 | 1 |
_aPierce, Donna _d1950- _91488 |
|
| 700 | 1 |
_aPleguezuelo, Alfonso _91489 |
|
| 942 |
_2lcc _cB |
||
| 999 |
_c370 _d370 |
||